Statistiken für Rückblick 2021 - Länder zuordnen (Asien & Ozeanien)

Klicken Sie hier um das Quiz zu spielen!

Allgemein

  • Dieses Quiz wurde 35 mal gespielt
  • Das Durchschnittsergebnis liegt bei 8 aus 15

Antwortstatistiken

HintAntwort% Korrekt
Nach fast 20 Jahren Krieg ziehen sich die US-Truppen und die Bundeswehr zurück.Afghanistan
87%
Dieses Land ist das bevölkerungsreichste Land, das keine Covid-Fälle verzeichnet, zumindest nach offiziellen AngabenNordkorea
70%
Ein Militärputsch stürzt die demokratisch gewählte Regierung unter Aung San Suu Kyi.Myanmar
67%
Dieses Land hebt seine Blockade gegen Katar auf. Damit endet die seit 2017 bestehende Katar-Krise.Saudi-Arabien
63%
Eine Boyband aus diesem Land hat innerhalb von 10 Monaten fünf Nummer-1-Hits, ein Rekord, der zuletzt 1988 erreicht wurde.Südkorea
63%
Die Olympischen Spiele 2020 finden in diesem Land statt, pandemiebedingt jedoch größtenteils ohne Zuschauer.Japan
60%
Die Landeswährung bricht zusammen, als die Zinsen trotz hoher Inflation niedrig gehalten werden.Türkei
60%
Der Sriwijaya-Air-Flug 182 verschwindet vom Radar und stürzt im Meer ab, alle 62 Insassen sterben.Indonesien
57%
Eine Drohe aus diesem Land trifft den Öltanker "Mercer Street" im Arabischen Meer.Iran
53%
Evergrande, das zweitgrößte Immobilienunternehmen in diesem Land, ist mit seinen Krediten in Verzug.China
50%
Dieses Land erringt bei der Handball-WM den 8. Platz und ist damit das erfolgreichste asiatische Land.Katar
47%
Überschwemmungen im Südosten des Landes fordern einen Schaden von 2,1 Mrd. US-Dollar.Australien
43%
Ein militärischer Konflikt fordert mind. 261 Tote.Israel
43%
Das Rennen auf dem Yas Marina Circuit beendet die Formel-1-WM.Vereinigte Arabische Emirate
43%
Die Corona-Variante Delta breitet sich von diesem Land aus weltweit aus.Indien
40%

Verteilung der Resultate

Perzentil nach korrekt beantworteten Fragen

Anzahl Personen mit jedem Resultat

Ihre Resultats-Entwicklung

Sie haben dieses Quiz noch nicht gespielt